[Event "SK Bebenhausen 1992-Königsspringer SC Ha"]
[Site "Osnabrück"]
[Date "2012.12.29"]
[Round "5.5"]
[White "Pfreundt, Jakob"]
[Black "Gibicar, Danijel"]
[Result "0-1"]
[WhiteElo "1919"]
[BlackElo "2076"]
[PlyCount "114"]
[EventDate "2012.??.??"]
[WhiteTeam "Königsspringer SC Hamburg 1984"]
[BlackTeam "SK Bebenhausen 1992"]

1. e4 e6 2. d4 d5 3. Nc3 Bb4 4. exd5 exd5 5. Bd3 c6 6. Nge2 Ne7 7. Ng3 Na6 8.
O-O O-O 9. Nce2 Nc7 10. c3 Bd6 11. Bf4 Ne6 12. Bxd6 Qxd6 13. f4 f5 14. Qd2 Bd7
15. Rae1 Rae8 16. Bb1 b6 17. Nc1 c5 18. Nge2 Bb5 19. Bd3 Bd7 20. Bb1 c4 21. g3
b5 22. Kh1 a5 23. Ng1 Nc7 24. Nf3 Rb8 25. Re3 b4 26. Ne2 Ne8 27. Neg1 Nf6 28.
Qc1 Nc6 29. Ne5 Be6 30. Ngf3 Nd8 31. Rfe1 Bc8 32. R3e2 Ne4 33. Kg1 Be6 34. Re3
Nf7 35. Nxf7 Rxf7 36. Bxe4 dxe4 37. Ne5 Rfb7 38. R3e2 Rc7 39. Rd1 Bd5 40. Re3
Qb6 41. Re2 a4 42. cxb4 Qxb4 43. Qc3 Qxc3 44. bxc3 Rcb7 45. Kf2 a3 46. Ke3 g6
47. Rf2 Kg7 48. Rdd2 h5 49. Rde2 Rb1 50. Nd7 R8b2 51. Nc5 Rc1 52. Na4 Bc6 53.
Rxb2 axb2 54. Nxb2 Rxc3+ 55. Ke2 Bb5 56. a4 Rc2+ 57. Ke1 Rxf2 0-1

[Event "SC Forchheim-SG Bochum 1931"]
[Site "Osnabrück"]
[Date "2012.12.29"]
[Round "5.2"]
[White "Miller, Eduard"]
[Black "Mazarov, Jürgen"]
[Result "1/2-1/2"]
[WhiteElo "2130"]
[BlackElo "2142"]
[PlyCount "120"]
[EventDate "2012.??.??"]
[WhiteTeam "SC Forchheim"]
[BlackTeam "SG Bochum 1931"]

1. e4 c5 2. Nf3 d6 3. d4 cxd4 4. Nxd4 Nf6 5. Nc3 a6 6. h3 b5 7. g4 Bb7 8. Bg2
e6 9. a3 Qc7 10. O-O Nc6 11. Be3 Ne5 12. Qe2 Nc4 13. g5 Nd7 14. b3 Nxe3 15.
Qxe3 Be7 16. f4 O-O 17. h4 Rfe8 18. Kh1 Rac8 19. Nde2 Bf8 20. Qg3 Qc5 21. b4
Qc7 22. Rad1 Nb6 23. f5 Nc4 24. g6 hxg6 25. fxg6 fxg6 26. Qxg6 Ne3 27. Bh3 Qe7
28. Nf4 Qxh4 29. Kg1 Qh6 30. Qxh6 gxh6 31. Bxe6+ Rxe6 32. Nxe6 Nxd1 33. Nxd1
Bxe4 34. Ne3 Be7 35. Ng4 Rxc2 36. Nxh6+ Kh7 37. Rf7+ Kxh6 38. Rxe7 d5 39. Nc5
Kg5 40. Nxe4+ dxe4 41. Rxe4 Rc3 42. Kf2 Rxa3 43. Ke2 Kf5 44. Rh4 Ke5 45. Kd2
Kd5 46. Rg4 Rf3 47. Rg6 Kc4 48. Rxa6 Kxb4 49. Rb6 Rf2+ 50. Kc1 Kc3 51. Kb1 b4
52. Rc6+ Kb3 53. Rc1 Rb2+ 54. Ka1 Ka3 55. Rh1 Rf2 56. Kb1 b3 57. Rg1 Rb2+ 58.
Ka1 Re2 59. Kb1 Re3 60. Rh1 b2 1/2-1/2

[Event "SC Forchheim-SG Bochum 1931"]
[Site "Osnabrück"]
[Date "2012.12.29"]
[Round "5.3"]
[White "Kahleys, Kevin"]
[Black "Killmann, Martin"]
[Result "1-0"]
[WhiteElo "2181"]
[BlackElo "1946"]
[PlyCount "65"]
[EventDate "2012.??.??"]
[WhiteTeam "SG Bochum 1931"]
[BlackTeam "SC Forchheim"]

1. Nf3 d5 2. d4 Nf6 3. c4 dxc4 4. Nc3 c6 5. a4 Bf5 6. e3 e6 7. Bxc4 Be7 8. O-O
O-O 9. Qe2 Nbd7 10. Rd1 Re8 11. e4 Bg6 12. h3 Bb4 13. Bg5 Qa5 14. e5 Nd5 15.
Ne4 h6 16. Bd2 Bxe4 17. Qxe4 Red8 18. Bd3 Nf8 19. Bc1 c5 20. Qg4 Kh8 21. Qh5
Kg8 22. g4 c4 23. Bxc4 Ng6 24. g5 Ndf4 25. Bxf4 Nxf4 26. Qg4 Ng6 27. gxh6 gxh6
28. Bxe6 Kh8 29. Bxf7 Rg8 30. Bxg8 Rxg8 31. Kh1 Qd5 32. Rg1 Ne7 33. Qh5 1-0

[Event "SC Forchheim-SG Bochum 1931"]
[Site "Osnabrück"]
[Date "2012.12.29"]
[Round "5.4"]
[White "Stephan, Michael"]
[Black "Butschek, Marc"]
[Result "0-1"]
[WhiteElo "1843"]
[BlackElo "1949"]
[PlyCount "80"]
[EventDate "2012.??.??"]
[WhiteTeam "SC Forchheim"]
[BlackTeam "SG Bochum 1931"]

1. e4 e6 2. d4 d5 3. exd5 exd5 4. c4 Nf6 5. Nc3 c6 6. Bd3 Be6 7. c5 g6 8. Bf4
Nh5 9. Be3 Bg7 10. Nge2 O-O 11. Ng3 Nxg3 12. hxg3 Nd7 13. Qd2 Nxc5 14. dxc5 d4
15. Bh6 dxc3 16. bxc3 Qf6 17. O-O-O Rfd8 18. Bxg7 Qxg7 19. Rh4 Rd5 20. Kc2 Rad8
21. Qe3 Bf5 22. Rd4 Rxd4 23. cxd4 Qxd4 24. Qxd4 Rxd4 25. Kc3 Rxd3+ 26. Rxd3
Bxd3 27. Kxd3 b5 28. cxb6 axb6 29. Kd4 Kf8 30. g4 Ke7 31. g5 f6 32. f4 fxg5 33.
fxg5 Ke6 34. g4 c5+ 35. Kc4 Ke5 36. a4 Kd6 37. Kb5 Kc7 38. Kc4 Kc6 39. Kc3 Kd5
40. Kd3 c4+ 0-1

[Event "SC Forchheim-SG Bochum 1931"]
[Site "Osnabrück"]
[Date "2012.12.29"]
[Round "5.5"]
[White "Budszuhn, Timo"]
[Black "Mann, Johannes"]
[Result "1-0"]
[WhiteElo "1924"]
[BlackElo "1837"]
[PlyCount "81"]
[EventDate "2012.??.??"]
[WhiteTeam "SG Bochum 1931"]
[BlackTeam "SC Forchheim"]

1. e4 c6 2. d4 d5 3. exd5 cxd5 4. Bd3 Nc6 5. c3 Qc7 6. h3 g6 7. Nf3 Bg7 8. O-O
Nf6 9. Re1 O-O 10. Nbd2 Bf5 11. Nf1 Bxd3 12. Qxd3 Ne4 13. Ng5 Nf6 14. Ng3 a6
15. h4 b5 16. Nh3 b4 17. Bf4 Qb6 18. h5 Rfc8 19. Qd2 Ra7 20. Bh6 Ne8 21. Bxg7
Nxg7 22. Qh6 f6 23. hxg6 hxg6 24. Qxg6 Kf8 25. Nf5 Nxf5 26. Qxf5 Rd8 27. Nf4
Rd6 28. Qh5 Nd8 29. Ng6+ Kg7 30. Nxe7 Re6 31. Nf5+ Kg8 32. Qg6+ Kf8 33. Qh5 Kg8
34. Re2 Rxe2 35. Qxe2 bxc3 36. Re1 Nf7 37. Qh5 Ne5 38. dxe5 cxb2 39. Qg6+ Kf8
40. exf6 b1=Q 41. Qe8# 1-0

[Event "SC Forchheim-SG Bochum 1931"]
[Site "Osnabrück"]
[Date "2012.12.29"]
[Round "5.6"]
[White "Nöttling, Dominik"]
[Black "Thanabalasingam, Ajandhan"]
[Result "0-1"]
[WhiteElo "1811"]
[BlackElo "1871"]
[PlyCount "106"]
[EventDate "2012.??.??"]
[WhiteTeam "SC Forchheim"]
[BlackTeam "SG Bochum 1931"]

1. e4 c5 2. Nf3 d6 3. d4 cxd4 4. Nxd4 Nf6 5. Nc3 a6 6. Bg5 Nbd7 7. f4 Qc7 8.
Qf3 h6 9. Bxf6 Nxf6 10. h3 e6 11. g4 g6 12. f5 gxf5 13. gxf5 e5 14. Nb3 b5 15.
a3 Bb7 16. O-O-O Rc8 17. Rh2 h5 18. Kb1 Qb6 19. Nd2 Bh6 20. a4 b4 21. Nd5 Bxd5
22. exd5 Bxd2 23. Rdxd2 Ke7 24. Qd3 a5 25. Rhg2 Rhg8 26. Qf3 Rxg2 27. Bxg2 Rc3
28. Qf2 Qxf2 29. Rxf2 Rc4 30. b3 Rd4 31. c3 bxc3 32. Kc2 Nxd5 33. Bxd5 Rxd5 34.
Kxc3 Rc5+ 35. Kd3 d5 36. Re2 Kd6 37. Rg2 d4 38. Rg8 Rc3+ 39. Kd2 Rxb3 40. Rd8+
Ke7 41. Rd5 Kf6 42. Rxa5 Rxh3 43. Ra8 Ra3 44. a5 h4 45. Ke2 h3 46. Kf2 h2 47.
Kg2 Ra2+ 48. Kh1 d3 49. a6 d2 50. Rd8 Ra1+ 51. Kxh2 d1=Q 52. Rxd1 Rxd1 53. a7
Ra1 0-1

[Event "SAbt Frankfurter TV 1860-Sfr. Heidesheim"]
[Site "Osnabrück"]
[Date "2012.12.29"]
[Round "5.5"]
[White "Luzius, Jannik"]
[Black "Abrahamyan, Arsen"]
[Result "0-1"]
[WhiteElo "1519"]
[BlackElo "1757"]
[PlyCount "92"]
[EventDate "2012.??.??"]
[WhiteTeam "Sfr. Heidesheim"]
[BlackTeam "SAbt Frankfurter TV 1860"]

1. Nf3 Nf6 2. c4 g6 3. g3 Bg7 4. Bg2 d6 5. O-O O-O 6. Nc3 e5 7. d3 Nc6 8. Rb1
a5 9. a3 Be6 10. b4 axb4 11. axb4 Qd7 12. b5 Nd8 13. Re1 Nh5 14. Qb3 f5 15. Ng5
Rb8 16. Nxe6 Nxe6 17. Be3 f4 18. Ba7 Ra8 19. Ra1 c6 20. bxc6 bxc6 21. Qb6 e4
22. Rec1 Bd4 23. Qb4 Bxc3 24. Qxc3 Rxa7 25. Bxe4 fxg3 26. hxg3 Rxa1 27. Rxa1
Qf7 28. Qe1 Nd4 29. Qf1 Nf6 30. Bh1 Ng4 31. f3 Qe7 32. Re1 Qe3+ 33. Kg2 Qe5 34.
e4 Rxf3 35. Qxf3 Nxf3 36. Kxf3 Qc3 37. Ke2 Ne5 38. Rd1 c5 39. Bg2 Nc6 40. Ke3
Qe5 41. Kf2 Qf6+ 42. Ke3 Qg5+ 43. Kf2 Nd4 44. Bf3 Nc2 45. g4 Qe3+ 46. Kg3 Nd4
0-1

[Event "SAbt Frankfurter TV 1860-Sfr. Heidesheim"]
[Site "Osnabrück"]
[Date "2012.12.29"]
[Round "5.6"]
[White "Polak, Elias"]
[Black "Spielberger, Moritz"]
[Result "1/2-1/2"]
[WhiteElo "1749"]
[BlackElo "1521"]
[PlyCount "141"]
[EventDate "2012.??.??"]
[WhiteTeam "SAbt Frankfurter TV 1860"]
[BlackTeam "Sfr. Heidesheim"]

1. e4 e6 2. d4 d5 3. exd5 exd5 4. Bd3 Nc6 5. Ne2 Bg4 6. h3 Qh4 7. Be3 Bd6 8.
Nbc3 Nge7 9. Qd2 Nb4 10. Bb5+ c6 11. Ba4 Be6 12. a3 Na6 13. O-O-O O-O-O 14. Bg5
Qh5 15. g4 Qg6 16. f4 f6 17. Bh4 Qf7 18. f5 Bd7 19. Rhf1 Rde8 20. Bb3 h5 21.
Ne4 Bc7 22. Bg3 Nxf5 23. Bxc7 Rxe4 24. gxf5 Nxc7 25. Nc3 Re7 26. Qg2 Rhe8 27.
Rf4 Qf8 28. Qg6 Qf7 29. Qg2 Re1 30. Rxe1 Rxe1+ 31. Kd2 Re8 32. Rf2 Re7 33. a4
Ne8 34. Qg3 Nc7 35. Qf4 g5 36. Qf3 Ne8 37. Qg3 h4 38. Qh2 Qh7 39. Nd1 Bxf5 40.
Ne3 Bg6 41. c4 dxc4 42. Nxc4 Rd7 43. Kc3 Bf7 44. Bc2 Qg8 45. Ne3 Be6 46. Nf5
Qf7 47. Re2 c5 48. dxc5 Rd5 49. Bb3 Rxc5+ 50. Kb4 Rc6 51. Bxe6+ Rxe6 52. Rc2+
Rc6 53. Rxc6+ bxc6 54. Qe2 Qb7+ 55. Ka3 Qd7 56. Qa6+ Kb8 57. Qa5 Qd3+ 58. b3
Nc7 59. Qb4+ Kc8 60. Qg4 Kb7 61. Qb4+ Nb5+ 62. axb5 Qxf5 63. bxc6+ Kxc6 64.
Qa4+ Qb5 65. Qe4+ Kb6 66. Qe6+ Qc6 67. Qg8 Qd6+ 68. Kb2 Ka5 69. Qc4 Qe5+ 70.
Ka2 Qh2+ 71. Kb1 1/2-1/2

[Event "SF Brackel 1930-Heilbronner SV"]
[Site "Osnabrück"]
[Date "2012.12.29"]
[Round "5.2"]
[White "Böhm, Malte"]
[Black "Biefel, Christian"]
[Result "1-0"]
[WhiteElo "1931"]
[BlackElo "1689"]
[PlyCount "45"]
[EventDate "2012.??.??"]
[WhiteTeam "SF Brackel 1930"]
[BlackTeam "Heilbronner SV"]

1. c4 Nf6 2. Nc3 g6 3. d4 Bg7 4. e4 d6 5. Nf3 Bg4 6. Be2 O-O 7. O-O Nbd7 8. Be3
Bxf3 9. Bxf3 e5 10. Qc2 Qe7 11. Be2 Rfe8 12. d5 Nb6 13. b4 c6 14. Rfd1 Rec8 15.
c5 cxd5 16. Nxd5 Nbxd5 17. exd5 Nd7 18. c6 bxc6 19. dxc6 Rc7 20. Qa4 Nb8 21.
Rac1 Bf8 22. b5 Qe8 23. b6 1-0

[Event "SF Brackel 1930-Heilbronner SV"]
[Site "Osnabrück"]
[Date "2012.12.29"]
[Round "5.3"]
[White "Mikeler, Marcel"]
[Black "Reisberg, Andre"]
[Result "0-1"]
[WhiteElo "1712"]
[BlackElo "1951"]
[PlyCount "78"]
[EventDate "2012.??.??"]
[WhiteTeam "Heilbronner SV"]
[BlackTeam "SF Brackel 1930"]

1. d4 d5 2. c4 c6 3. Nc3 Nf6 4. Nf3 e6 5. Bg5 h6 6. Bh4 dxc4 7. a4 Bb4 8. Qc2
Nbd7 9. e3 b5 10. Nd2 Qb6 11. b3 Qa5 12. Rc1 Bxc3 13. Qxc3 Qxc3 14. Rxc3 Nd5
15. Rc1 c3 16. Ne4 b4 17. Bd3 a5 18. Nd6+ Kf8 19. Nxc8 Rxc8 20. Bg3 Ra8 21.
Bd6+ Ke8 22. e4 N5f6 23. Rf1 Kd8 24. Ke2 Ne8 25. Bg3 Ke7 26. f4 g5 27. f5 Nef6
28. h3 Rhg8 29. Ke3 c5 30. fxe6 fxe6 31. Bc4 cxd4+ 32. Kxd4 Rgd8 33. Ke3 Nc5
34. e5 Nfe4 35. Be1 Nd2 36. Bxd2 Rxd2 37. Rf6 Rad8 38. Rcf1 Kd7 39. Rxh6 Kc6
0-1

[Event "SF Brackel 1930-Heilbronner SV"]
[Site "Osnabrück"]
[Date "2012.12.29"]
[Round "5.5"]
[White "Wunder, Anton"]
[Black "van Klev, Fabian"]
[Result "1/2-1/2"]
[WhiteElo "1419"]
[BlackElo "1788"]
[PlyCount "61"]
[EventDate "2012.??.??"]
[WhiteTeam "Heilbronner SV"]
[BlackTeam "SF Brackel 1930"]

1. d4 Nf6 2. c4 c5 3. d5 b5 4. cxb5 a6 5. bxa6 Bxa6 6. Nc3 g6 7. g3 Bg7 8. Bg2
d6 9. Qc2 Nbd7 10. Bd2 O-O 11. Nf3 Nb6 12. Nh4 Nc4 13. O-O Nxd2 14. Qxd2 Qa5
15. Qc2 Rfb8 16. Rab1 Nd7 17. Rfe1 Nb6 18. e4 Nc4 19. Rec1 Rb7 20. Bf1 Rab8 21.
Bxc4 Bxc4 22. b3 Ba6 23. a4 Bxc3 24. Qxc3 Qxc3 25. Rxc3 c4 26. Nf3 Rxb3 27.
Rcxb3 cxb3 28. Rb2 Rb4 29. Nd2 Rxa4 30. Rxb3 Ra2 31. Nb1 1/2-1/2

[Event "SF Brackel 1930-Heilbronner SV"]
[Site "Osnabrück"]
[Date "2012.12.29"]
[Round "5.6"]
[White "Raschkowski, Alexander"]
[Black "Ignatov, Dmitriy"]
[Result "1-0"]
[WhiteElo "1727"]
[BlackElo "1447"]
[PlyCount "111"]
[EventDate "2012.??.??"]
[WhiteTeam "SF Brackel 1930"]
[BlackTeam "Heilbronner SV"]

1. e4 c6 2. d4 d5 3. e5 Bf5 4. Bd3 Bxd3 5. Qxd3 e6 6. f4 Ne7 7. Nf3 Qa5+ 8. Bd2
Qa6 9. Qb3 Nd7 10. Bb4 O-O-O 11. Ng5 Nf5 12. Bc3 Nh6 13. a4 Be7 14. Qa2 f6 15.
Nxe6 Rde8 16. g3 Bf8 17. Nxf8 Rhxf8 18. Nd2 Ng4 19. Nf3 fxe5 20. Nxe5 Ndxe5 21.
dxe5 Qb6 22. O-O-O Qf2 23. Bd4 Qg2 24. Bxa7 Nxh2 25. Rhg1 Qf3 26. Rd3 Qe4 27.
Rd4 Qe3+ 28. Rd2 Qxa7 29. Rh1 Ng4 30. Qb3 h6 31. Re2 Kc7 32. Rhe1 Re6 33. Qf3
h5 34. f5 Re7 35. Qf4 Kd7 36. e6+ Kc8 37. b3 g6 38. Qg5 Rf6 39. fxg6 b6 40. g7
Rxg7 41. Qxg7 Qxg7 42. e7 Re6 43. Rxe6 Qa1+ 44. Kd2 Qd4+ 45. Ke2 Qf2+ 46. Kd3
Qxg3+ 47. R1e3 Nf2+ 48. Kd2 Ne4+ 49. R6xe4 Qg2+ 50. Kc1 dxe4 51. e8=Q+ Kb7 52.
Rxe4 Qg5+ 53. Kb2 Qf6+ 54. Ka2 b5 55. a5 Kc7 56. Qe5+ 1-0

[Event "SC Vaterstetten-SV Empor Berlin"]
[Site "Osnabrück"]
[Date "2012.12.29"]
[Round "5.3"]
[White "Schabe, Felix"]
[Black "Nitsche-Hahn, Maxim"]
[Result "1/2-1/2"]
[WhiteElo "1798"]
[BlackElo "1821"]
[PlyCount "63"]
[EventDate "2012.??.??"]
[WhiteTeam "SV Empor Berlin"]
[BlackTeam "SC Vaterstetten"]

1. e4 c5 2. Nf3 Nc6 3. Bb5 d6 4. Bxc6+ bxc6 5. d3 d5 6. O-O Bg4 7. h3 Bxf3 8.
Qxf3 e6 9. c4 Nf6 10. Nc3 Be7 11. b3 O-O 12. Na4 d4 13. Qe2 e5 14. f4 Nd7 15.
Ba3 f6 16. f5 Bd6 17. h4 Qe7 18. h5 Qf7 19. Qg4 Kh8 20. Rf3 Rg8 21. Kf2 h6 22.
Rg3 Qe7 23. Rh1 Rab8 24. Bc1 Bc7 25. Rh4 Bd6 26. Qd1 Bc7 27. Rhg4 Bd6 28. Qe1
Bc7 29. Qh1 Bd6 30. Qh4 Rbd8 31. Rg6 Nf8 32. R6g4 1/2-1/2

[Event "SC Vaterstetten-SV Empor Berlin"]
[Site "Osnabrück"]
[Date "2012.12.29"]
[Round "5.4"]
[White "Heimbächer, Moritz"]
[Black "Alcer, Fabian"]
[Result "0-1"]
[WhiteElo "1807"]
[BlackElo "1664"]
[PlyCount "64"]
[EventDate "2012.??.??"]
[WhiteTeam "SC Vaterstetten"]
[BlackTeam "SV Empor Berlin"]

1. d4 Nf6 2. Nf3 g6 3. Bg5 Bg7 4. Nc3 d5 5. e3 O-O 6. Bd3 Nbd7 7. e4 dxe4 8.
Nxe4 b6 9. Qd2 Bb7 10. Ng3 Re8 11. O-O-O c5 12. Bb5 a6 13. Bxf6 Bxf6 14. dxc5
axb5 15. Qxd7 Rxa2 16. Rd3 Qxd7 17. Rxd7 Bxf3 18. gxf3 Ra1+ 19. Kd2 Rxh1 20.
Nxh1 bxc5 21. b3 e6 22. Rc7 Rd8+ 23. Ke2 Bd4 24. c3 Bxc3 25. Rxc5 Rd2+ 26. Kf1
b4 27. Ng3 Rb2 28. Ne4 Rxb3 29. Nxc3 bxc3 30. Ke2 Rb2+ 31. Ke3 c2 32. Kd3 c1=Q
0-1

[Event "SC Vaterstetten-SV Empor Berlin"]
[Site "Osnabrück"]
[Date "2012.12.29"]
[Round "5.6"]
[White "Galensowske, Nikolas"]
[Black "Denkert, Robert"]
[Result "1/2-1/2"]
[WhiteElo "1439"]
[BlackElo "1637"]
[PlyCount "56"]
[EventDate "2012.??.??"]
[WhiteTeam "SC Vaterstetten"]
[BlackTeam "SV Empor Berlin"]

1. e4 e5 2. Nf3 Nf6 3. Nc3 Bb4 4. Bc4 O-O 5. O-O Bxc3 6. bxc3 d6 7. Re1 Be6 8.
Bb3 Nbd7 9. d4 Bg4 10. Bg5 h6 11. Bh4 Re8 12. Re3 exd4 13. Qxd4 Bxf3 14. Rxf3
Ne5 15. Rg3 Kf8 16. f4 Ng6 17. Bxf6 Qxf6 18. Qxf6 gxf6 19. f5 Nf4 20. Re3 Re5
21. Kf2 b5 22. g4 c6 23. Rae1 Rae8 24. a4 h5 25. h3 a6 26. axb5 axb5 27. c4
bxc4 28. Bxc4 h4 1/2-1/2

[Event "SV Schott Jena-SC Heitersheim"]
[Site "Osnabrück"]
[Date "2012.12.29"]
[Round "5.3"]
[White "Wendering, Leonard"]
[Black "Seifert, Michael"]
[Result "1/2-1/2"]
[WhiteElo "1910"]
[BlackElo "1723"]
[PlyCount "109"]
[EventDate "2012.??.??"]
[WhiteTeam "SC Heitersheim"]
[BlackTeam "SV Schott Jena"]

1. e4 e6 2. d4 d5 3. Nc3 Nf6 4. e5 Nfd7 5. f4 c5 6. Nf3 Nc6 7. Ne2 Qb6 8. c3
Be7 9. g3 O-O 10. Bh3 cxd4 11. Nexd4 Nc5 12. Qe2 a6 13. Be3 Qc7 14. O-O Bd7 15.
Rf2 Ne4 16. Rg2 b5 17. a3 Na5 18. f5 exf5 19. g4 f4 20. Bxf4 Qb6 21. Kh1 Nc4
22. Rf1 a5 23. Nf5 Bc5 24. b4 Nxc3 25. bxc5 Nxe2 26. cxb6 Nxf4 27. Rg3 Bxf5 28.
gxf5 Nxh3 29. Rxh3 Ne3 30. Rb1 b4 31. Nd4 Nc4 32. axb4 Nxb6 33. bxa5 Nc4 34.
Nc6 Rfe8 35. f6 Nxe5 36. Ne7+ Kh8 37. Nxd5 Rxa5 38. fxg7+ Kxg7 39. Rg1+ Ng6 40.
Nf4 Ree5 41. Rhg3 Rf5 42. Ne2 Rf2 43. R3g2 Rxg2 44. Rxg2 Ra1+ 45. Rg1 Rxg1+ 46.
Kxg1 f5 47. Kf2 Kf6 48. Kf3 Kg5 49. Nd4 Ne5+ 50. Kg3 f4+ 51. Kg2 Kg4 52. h3+
Kg5 53. Kf2 h6 54. Kg2 Kf6 55. Kf2 1/2-1/2

[Event "SV Schott Jena-SC Heitersheim"]
[Site "Osnabrück"]
[Date "2012.12.29"]
[Round "5.4"]
[White "Berkov, Mikhail"]
[Black "Boes, Julian"]
[Result "1-0"]
[WhiteElo "1751"]
[BlackElo "1903"]
[PlyCount "87"]
[EventDate "2012.??.??"]
[WhiteTeam "SV Schott Jena"]
[BlackTeam "SC Heitersheim"]

1. e4 c5 2. c3 Nf6 3. e5 Nd5 4. d4 cxd4 5. cxd4 e6 6. Nf3 Nc6 7. Bc4 d6 8. O-O
Be7 9. a3 O-O 10. b4 a6 11. Qb3 Nb6 12. Bd3 dxe5 13. dxe5 Nd4 14. Nxd4 Qxd4 15.
Bb2 Qf4 16. Re1 Bd7 17. Re4 Qh6 18. Re3 g6 19. Nc3 Bc6 20. Ne4 Nd5 21. Rh3 Qg7
22. Rf3 Rfd8 23. g4 a5 24. b5 Bd7 25. g5 h5 26. Nf6+ Bxf6 27. gxf6 Qh7 28. Bc1
Rdc8 29. Rg3 a4 30. Qd1 Rc5 31. Qf1 Kh8 32. Be3 Rc3 33. Bd2 Rc5 34. Be3 Rc3 35.
Bd4 Rc7 36. b6 Rcc8 37. Be4 Bc6 38. Rc1 Qg8 39. Rc5 Qe8 40. Qg2 Nf4 41. Qf3
Bxe4 42. Qxf4 Qf8 43. Rxc8 Rxc8 44. Qxe4 1-0

[Event "SV Schott Jena-SC Heitersheim"]
[Site "Osnabrück"]
[Date "2012.12.29"]
[Round "5.6"]
[White "Köhler, Daniel"]
[Black "Groß, Dennis"]
[Result "1-0"]
[WhiteElo "1564"]
[BlackElo "1516"]
[PlyCount "57"]
[EventDate "2012.??.??"]
[WhiteTeam "SV Schott Jena"]
[BlackTeam "SC Heitersheim"]

1. e4 e5 2. Nf3 Nf6 3. Nxe5 d6 4. Nf3 Nxe4 5. Nc3 d5 6. Qe2 Bc5 7. d3 Bxf2+ 8.
Kd1 O-O 9. Nxe4 dxe4 10. Qxf2 exf3 11. Qxf3 Qd4 12. Be2 Re8 13. Rf1 f6 14. Qf4
Qxf4 15. Bxf4 c6 16. Kd2 Nd7 17. Rae1 Nf8 18. Bh5 Rxe1 19. Rxe1 g6 20. Bf3 Be6
21. Bd6 Kf7 22. Re4 Nd7 23. Rb4 Nb6 24. c4 Rd8 25. c5 Nc8 26. Rxb7+ Kg8 27. Be7
Nxe7 28. Rxe7 Rd7 29. Rxe6 1-0

[Event "SK Bebenhausen 1992-Königsspringer SC Ha"]
[Site "Osnabrück"]
[Date "2012.12.29"]
[Round "5.1"]
[White "Borgmeyer, Max"]
[Black "Zimmermann, Ulrich"]
[Result "0-1"]
[WhiteElo "2066"]
[BlackElo "2224"]
[PlyCount "80"]
[EventDate "2012.??.??"]
[WhiteTeam "Königsspringer SC Hamburg 1984"]
[BlackTeam "SK Bebenhausen 1992"]

1. e4 e6 2. d4 d5 3. Nc3 Bb4 4. Bd2 Nf6 5. e5 Bxc3 6. Bxc3 Ne4 7. Qg4 O-O 8.
Bd3 f5 9. exf6 Qxf6 10. Nf3 Nxc3 11. bxc3 Nc6 12. O-O e5 13. Qh5 g6 14. dxe5
Qf4 15. Bxg6 hxg6 16. Qxg6+ Kh8 17. Ng5 Bf5 18. Nf7+ Rxf7 19. Qxf7 Nxe5 20.
Qf6+ Kh7 21. Qe7+ Kh6 22. Qf6+ Kh7 23. Qe7+ Kg6 24. Rae1 Ng4 25. g3 Qc4 26. h4
Nf6 27. Re5 Rh8 28. Rfe1 Rh7 29. Qf8 Qg4 30. Re7 Rxe7 31. Qxe7 Be4 32. Rxe4
Qxe4 33. Qxc7 Qxc2 34. Qc8 b5 35. Qc5 Qxa2 36. f3 Qe2 37. g4 Qxf3 38. g5 Qg4+
39. Kf1 Qxh4 40. gxf6 Qc4+ 0-1

[Event "SK Bebenhausen 1992-Königsspringer SC Ha"]
[Site "Osnabrück"]
[Date "2012.12.29"]
[Round "5.3"]
[White "Lock, Adrian"]
[Black "Wenninger, Philipp"]
[Result "0-1"]
[WhiteElo "2002"]
[BlackElo "2222"]
[PlyCount "60"]
[EventDate "2012.??.??"]
[WhiteTeam "Königsspringer SC Hamburg 1984"]
[BlackTeam "SK Bebenhausen 1992"]

1. e4 c6 2. d4 d5 3. Nc3 dxe4 4. Nxe4 Bf5 5. Ng3 Bg6 6. h4 h6 7. Nf3 Nd7 8. h5
Bh7 9. Bd3 Bxd3 10. Qxd3 e6 11. Bd2 Ngf6 12. O-O-O Be7 13. Ne4 Nxe4 14. Qxe4
Nf6 15. Qd3 Qd5 16. c4 Qe4 17. Qb3 b5 18. cxb5 Rc8 19. Bc3 O-O 20. Rde1 Qf4+
21. Kb1 cxb5 22. Ka1 Ne4 23. Qxb5 Nxc3 24. bxc3 Rxc3 25. Qe5 Qxe5 26. dxe5 Rc2
27. Rd1 Bb4 28. Nd4 Bc3+ 29. Kb1 Rb2+ 30. Kc1 Rc8 0-1

[Event "SK Bebenhausen 1992-Königsspringer SC Ha"]
[Site "Osnabrück"]
[Date "2012.12.29"]
[Round "5.6"]
[White "Lebeda, Timo"]
[Black "Streich, Justus"]
[Result "1-0"]
[WhiteElo "2033"]
[BlackElo "1840"]
[PlyCount "89"]
[EventDate "2012.??.??"]
[WhiteTeam "SK Bebenhausen 1992"]
[BlackTeam "Königsspringer SC Hamburg 1984"]

1. c4 e5 2. Nc3 Nc6 3. Nf3 g6 4. d4 exd4 5. Nxd4 Bg7 6. e3 Nge7 7. Be2 O-O 8.
O-O d6 9. Re1 Re8 10. Nxc6 Nxc6 11. Nd5 Bf5 12. Bd3 Bxd3 13. Qxd3 Ne5 14. Qc2
c6 15. Nf4 Qh4 16. b3 Ng4 17. h3 Nf6 18. Ba3 g5 19. Ne2 c5 20. Ng3 Re6 21. Bb2
Rae8 22. Rad1 Bf8 23. Qf5 Qh6 24. Rd3 Qg6 25. Red1 Ne4 26. Qxg6+ hxg6 27. Nxe4
Rxe4 28. Bf6 g4 29. hxg4 g5 30. Bxg5 Rxg4 31. Bf4 b6 32. Bxd6 Bh6 33. f3 Rg6
34. Kf2 Rge6 35. e4 f5 36. e5 Bf4 37. Rd5 Bxe5 38. Bxe5 Rxe5 39. Rxe5 Rxe5 40.
Re1 Rxe1 41. Kxe1 Kf7 42. Ke2 Kf6 43. g4 a6 44. a4 Kg5 45. gxf5 1-0

[Event "SC Forchheim-SG Bochum 1931"]
[Site "Osnabrück"]
[Date "2012.12.29"]
[Round "5.1"]
[White "Tkachuk, Konstantyn"]
[Black "Mons, Leon"]
[Result "1/2-1/2"]
[WhiteElo "2236"]
[BlackElo "2329"]
[PlyCount "83"]
[EventDate "2012.??.??"]
[WhiteTeam "SG Bochum 1931"]
[BlackTeam "SC Forchheim"]

1. e4 g6 2. d4 Bg7 3. c3 d6 4. f4 Nf6 5. Bd3 e5 6. Nf3 Bg4 7. O-O O-O 8. Be3
exd4 9. cxd4 Nc6 10. Nc3 Nd7 11. Be2 Re8 12. h3 Bxf3 13. Bxf3 Na5 14. b3 c5 15.
Rc1 Nc6 16. Nb5 cxd4 17. Nxd4 Nxd4 18. Bxd4 Nc5 19. Bxg7 Kxg7 20. Qd4+ Kg8 21.
e5 Ne6 22. Qxd6 Nxf4 23. Rc7 Qg5 24. Qf6 Nxh3+ 25. Kh2 Qxf6 26. exf6 Ng5 27.
Bxb7 Rad8 28. Ba6 h5 29. Rxa7 Ra8 30. Re1 Rxa7 31. Rxe8+ Kh7 32. Bc4 Rxa2 33.
b4 Rf2 34. b5 Rxf6 35. Rb8 Ne4 36. b6 Nc5 37. b7 Rb6 38. Bd5 Kg7 39. Rc8 Nxb7
40. Rb8 Rb5 41. Bc6 Rc5 42. Bxb7 1/2-1/2

[Event "TuS Coswig 1920-Hamburger SK von 1830"]
[Site "Osnabrück"]
[Date "2012.12.29"]
[Round "5.1"]
[White "Colpe, Malte"]
[Black "Linnemann, Niklas"]
[Result "1-0"]
[WhiteElo "2331"]
[BlackElo "1946"]
[PlyCount "75"]
[EventDate "2012.??.??"]
[WhiteTeam "Hamburger SK von 1830"]
[BlackTeam "TuS Coswig 1920"]

1. d4 Nf6 2. c4 g6 3. Nc3 d5 4. Nf3 Bg7 5. Qb3 dxc4 6. Qxc4 O-O 7. e4 b6 8. e5
Be6 9. exf6 Bxc4 10. fxg7 Kxg7 11. Bxc4 c6 12. O-O Nd7 13. Be3 Qc7 14. Rac1 h6
15. Bb3 Qb7 16. d5 c5 17. Bc4 a6 18. a4 Qc7 19. Rfe1 Rfe8 20. g3 e5 21. dxe6
fxe6 22. Rcd1 e5 23. Ne4 Rf8 24. Be6 Rad8 25. Bxd7 Rxf3 26. Be6 Rff8 27. Nc3
Rd6 28. Bc4 a5 29. Rxd6 Qxd6 30. Rd1 Qe7 31. Nd5 Qb7 32. Bd2 Qf7 33. f4 Re8 34.
Be3 Qf8 35. Re1 g5 36. fxe5 Qf5 37. e6 Kh7 38. Rf1 1-0

[Event "TuS Coswig 1920-Hamburger SK von 1830"]
[Site "Osnabrück"]
[Date "2012.12.29"]
[Round "5.2"]
[White "Müller, Richard"]
[Black "Meißner, Felix"]
[Result "0-1"]
[WhiteElo "2117"]
[BlackElo "2237"]
[PlyCount "79"]
[EventDate "2012.??.??"]
[WhiteTeam "TuS Coswig 1920"]
[BlackTeam "Hamburger SK von 1830"]

1. d4 Nf6 2. c4 g6 3. Nc3 Bg7 4. e4 d6 5. f3 O-O 6. Be3 c6 7. Qd2 a6 8. Bd3 b5
9. Nge2 Nbd7 10. O-O e5 11. b4 Bb7 12. d5 bxc4 13. Bxc4 Nb6 14. Bb3 cxd5 15.
exd5 a5 16. a3 Re8 17. Ng3 axb4 18. axb4 Ba6 19. b5 Bb7 20. Nge4 Nxe4 21. fxe4
Rxa1 22. Rxa1 Nd7 23. Ra7 Qb8 24. b6 Rc8 25. Nb5 Bf8 26. Nc7 Nxb6 27. Bxb6 Rxc7
28. Ra2 Re7 29. Qa5 Bc8 30. Ba4 Rb7 31. Rb2 Bh6 32. Kf2 Bc1 33. Rc2 Rxb6 34.
Rxc1 Ba6 35. Rc6 Rb2+ 36. Kg3 Qa7 37. Qe1 Re2 38. Qh1 Qe3+ 39. Kh4 Qxe4+ 40.
Kh3 0-1